Hauptstädte Mittelamerikas - Statistiken

Allgemein
  • Dieses Quiz wurde 1.083 mal gespielt
    1.059 seit der letzten Aktualisierung
  • Das Durchschnittsergebnis liegt bei 9 aus 12
Antwortstatistiken
Land Hauptstadt % Korrekt
Kuba Havanna
92%
Panama Panama-Stadt
92%
El Salvador San Salvador
87%
Guatemala Guatemala-Stadt
86%
Jamaika Kingston
80%
Costa Rica San José
72%
Haiti Port-au-Prince
70%
Bahamas Nassau
66%
Dominikanische Republik Santo Domingo
64%
Nicaragua Managua
62%
Honduras Tegucigalpa
57%
Belize Belmopan
56%
Keine übereinstimmenden Quizze gefunden
Verteilung der Resultate
Anzahl Personen mit jedem Resultat
Perzentil nach korrekt beantworteten Fragen
Ihre Resultats-Entwicklung
Sie haben dieses Quiz seit der letzten Aktualisierung nicht gespielt